000 00613nam a22002177a 4500
003 OSt
005 20160527150615.0
008 160527b xxu||||| |||| 00| 0 eng d
020 _a9780702031236
040 _cDNLM
082 _aWA590 P88l 2009
100 _aEdited by Dent, John A.; Harden, Ronald M.
_99045
245 _aA Practical Guide for Medical Teachers
250 _a3rd ed.
260 _aEdinburgh; Churchill, 2009
300 _axiv,434p; col.ill: 24cm
504 _aReferences, & index included
650 _aMedical Teachers
_99046
650 _aMedical Curriculum
_99047
942 _2z
_cO_SHELF
999 _c4199
_d4199